000 00623nam a2200229Ia 4500
003 OSt
005 20220918184054.0
006 a|||||r|||| 00| 0
007 ta
008 220917b |||||||| |||| 00| 0 eng d
024 _a44,297
037 _cTextual
040 _aARTS
_cARTS
_beng
041 _2eng
_aeng
082 _aO164v, D2.2
100 _aBrowne Edward G
_943430
245 0 _aLiterary history of Persia
260 _aCambridge
_bCambridge University Press
_c1902
650 _aPERSIAN LITERATURE
_9309
942 _hO164v, D2.2
_cTEXL
_2CC
999 _c175006
_d175006